Statistics for Diaspora-Iran

Click here to take the quiz!

General Stats

  • This quiz has been taken 39 times
  • The average score is 21 of 25

Answer Stats

Number of immigrants Continent Country % Correct
100.000-120.000EuropeGermany
100%
448.722North AmericaUnited States of America
100%
500.000Asia/ EuropeTurkey
100%
7.444EuropeItaly
97%
50.000Asia/ EuropeRussia
97%
18.376EuropeFrance
97%
12.344EuropeSpain
94%
34.455OceaniaAustralia
94%
600.000-700.000AsiaIraq
94%
83.000EuropeUnited Kingdom
94%
53.892EuropeSweden
91%
210.405North AmericaCanada
91%
35.561Europethe Netherlands
88%
400.000-500.000AsiaUnited Arab Emirates
88%
10.000AsiaPakistan
84%
27.000AsiaQatar
81%
17.913EuropeNorway
81%
80.000AsiaKuwait
78%
173.000AsiaBahrain
78%
16.203EuropeAustria
78%
12.000AsiaJapan
78%
16.322EuropeDenmark
72%
8.114EuropeFinland
66%
47.800AsiaIsrael
63%
100.000AsiaMalaysia
50%

Score Distribution

Percentile by Number Answered

Percent of People with Each Score

Your Score History

You have not taken this quiz